<?xml version="1.0" encoding="UTF-8"?>
<record
    xmlns:xsi="http://www.w3.org/2001/XMLSchema-instance"
    xsi:schemaLocation="http://www.loc.gov/MARC21/slim http://www.loc.gov/standards/marcxml/schema/MARC21slim.xsd"
    xmlns="http://www.loc.gov/MARC21/slim">

  <leader>01021nam0a2200301   4500</leader>
  <controlfield tag="001">RU\NLR\ONL1\10964</controlfield>
  <controlfield tag="005">20250613120808.0</controlfield>
  <datafield tag="035" ind1=" " ind2=" ">
    <subfield code="a">(NLR Aleph) 009639710</subfield>
  </datafield>
  <datafield tag="090" ind1=" " ind2=" ">
    <subfield code="a">9540635</subfield>
    <subfield code="c">9540635</subfield>
  </datafield>
  <datafield tag="100" ind1=" " ind2=" ">
    <subfield code="a">20070321d1937    |||y0rusy50      ca</subfield>
  </datafield>
  <datafield tag="101" ind1="0" ind2=" ">
    <subfield code="a">udm</subfield>
  </datafield>
  <datafield tag="102" ind1=" " ind2=" ">
    <subfield code="a">RU</subfield>
  </datafield>
  <datafield tag="105" ind1=" " ind2=" ">
    <subfield code="a">y |||||||||</subfield>
  </datafield>
  <datafield tag="200" ind1="1" ind2=" ">
    <subfield code="a">&#x423;&#x434;&#x43C;&#x443;&#x440;&#x442; &#x43A;&#x430;&#x43B;&#x44B;&#x43A; &#x43A;&#x44B;&#x440;&#x437;|&#x430;&#x43D;'&#x451;&#x441; &#x43D;&#x43E;&#x442;&#x430;&#x43E;&#x441;&#x44B;&#x43D;</subfield>
    <subfield code="f">&#x441;&#x43E;&#x441;&#x442;. &#x41C;. &#x41F;&#x435;&#x442;&#x440;&#x43E;&#x432;, &#x410;. &#x41A;&#x430;&#x442;&#x43E;&#x440;&#x433;&#x438;&#x43D;</subfield>
  </datafield>
  <datafield tag="210" ind1=" " ind2=" ">
    <subfield code="a">&#x418;&#x436;&#x435;&#x432;&#x441;&#x43A;</subfield>
    <subfield code="c">&#x423;&#x434;&#x433;&#x438;&#x437;</subfield>
    <subfield code="d">1937</subfield>
  </datafield>
  <datafield tag="215" ind1=" " ind2=" ">
    <subfield code="a">44,[4] c.</subfield>
    <subfield code="d">20</subfield>
  </datafield>
  <datafield tag="300" ind1=" " ind2=" ">
    <subfield code="a">&#x417;&#x430;&#x433;&#x43B;. &#x43E;&#x431;&#x43B;.: &#x41A;&#x44B;&#x440;&#x437;|&#x430;&#x43D;'&#x451;&#x441;</subfield>
  </datafield>
  <datafield tag="512" ind1="1" ind2=" ">
    <subfield code="a">&#x41A;&#x44B;&#x440;&#x437;|&#x430;&#x43D;'&#x451;&#x441;</subfield>
  </datafield>
  <datafield tag="541" ind1="1" ind2=" ">
    <subfield code="a">&#x423;&#x434;&#x43C;&#x443;&#x440;&#x442;&#x441;&#x43A;&#x438;&#x435; &#x43D;&#x430;&#x440;&#x43E;&#x434;&#x43D;&#x44B;&#x435; &#x43F;&#x435;&#x441;&#x43D;&#x438;</subfield>
    <subfield code="z">rus</subfield>
  </datafield>
  <datafield tag="606" ind1="0" ind2=" ">
    <subfield code="a">&#x423;&#x434;&#x43C;&#x443;&#x440;&#x442;&#x441;&#x43A;&#x438;&#x439; &#x444;&#x43E;&#x43B;&#x44C;&#x43A;&#x43B;&#x43E;&#x440;</subfield>
    <subfield code="9">962126</subfield>
    <subfield code="3">RU\NLR\auth\66359564</subfield>
  </datafield>
  <datafield tag="686" ind1="1" ind2=" ">
    <subfield code="a">&#x428;3(235=&#x423;)-631</subfield>
  </datafield>
  <datafield tag="702" ind1=" " ind2="1">
    <subfield code="a">&#x41F;&#x435;&#x442;&#x440;&#x43E;&#x432;</subfield>
    <subfield code="b">&#x41C;. &#x41F;.</subfield>
    <subfield code="g">&#x41C;&#x438;&#x445;&#x430;&#x438;&#x43B; &#x41F;&#x435;&#x442;&#x440;&#x43E;&#x432;&#x438;&#x447;</subfield>
    <subfield code="4">220</subfield>
  </datafield>
  <datafield tag="801" ind1=" " ind2="0">
    <subfield code="a">RU</subfield>
    <subfield code="b">NLR</subfield>
    <subfield code="c">20070321</subfield>
    <subfield code="g">PSBO</subfield>
  </datafield>
  <datafield tag="852" ind1=" " ind2=" ">
    <subfield code="a">NLR</subfield>
    <subfield code="b">&#x41E;&#x41D;&#x41B;</subfield>
    <subfield code="j">&#x423;&#x434;&#x43C;&#x443;&#x440;./2-68</subfield>
  </datafield>
  <datafield tag="942" ind1=" " ind2=" ">
    <subfield code="c">BOOK</subfield>
  </datafield>
  <datafield tag="980" ind1=" " ind2=" ">
    <subfield code="a">NB</subfield>
  </datafield>
  <datafield tag="995" ind1=" " ind2=" ">
    <subfield code="5">2013-10-26</subfield>
    <subfield code="b">NLR01</subfield>
    <subfield code="c">NLR01</subfield>
    <subfield code="e">ONL</subfield>
    <subfield code="f">1-2427968</subfield>
    <subfield code="k">&#x423;&#x434;&#x43C;&#x443;&#x440;./2-68</subfield>
    <subfield code="o">0</subfield>
    <subfield code="r">BOOK</subfield>
    <subfield code="s">268_</subfield>
  </datafield>
</record>
